000 00345pab a2200157 454500
008 180718b1996 xxu||||| |||| 00| 0 eng d
100 _aBasu, Aparna
245 _aTowards ensuring gender equity
260 _c1996
300 _ap.51-53
362 _aJan
650 _aWomen - India
650 _aWomen
773 _aYojana
909 _a30370
999 _c30370
_d30370